00312nam a2200121Ia 4500008004100000245004900041260001700090260000900107300000900116650002300125650001200148856003000160170516s9999 xx 000 0 und d aProton Therapy Verification with PET Imaging bTheranostics c2013 a3:10 xMedical Technology xMedtech uhttp://www.thno.org/v3i10